000 01188nam a2200241Ia 4500
003 Ost
005 20260507075015.0
008 260507s9999||||xx |||||||||||||| ||und||
040 _cfsecg
041 _aara
082 _a350
100 _aمحمود، منال طلعت
_eمؤلف
245 0 _aأساسيات في علم االإدارة /
_c منال طلعت محمود
260 _aالاسكندرية:
_bالمكتب الجامعي الحديث,
_c2003
300 _a388 صفحة؛
_bإيضاحات ؛
504 _aمراجع ص.381
520 _aأساسيات الادارة-التخطيط-التنظيم-القيادة-اتخاذ القرارات-الاتصال الاداري-الرقابة-التدريب الاداري-توظيف العناصر البشرية-المنظمة والبيئة-مداخل تطوير إدارة المنظات-الادارة والخدمة الاجتماعية-مؤسسات الرعاية الاجتماعية-المشروعات الصغيرة كمدخل لتنمية المجتمع
653 _aاتخاذ القرارات
653 _aالإدارة
653 _aالتخطيط
653 _aالتنظيم
942 _cكتاب
999 _c42204
_d42204